000 00304nam a22001337a 4500
008 170419b xxu||||| |||| 00| 0 eng d
020 _a0471667689
041 _aeng
080 _a573
100 _a11
101 _aSHM
245 _aBIOLOGICAL CLOCKS MARINE ORGANISMS
_cPALMER.J.D
942 _2udc
_cBK
999 _c11222
_d11222